Films Disney par images - Clic Quiz #2 - Statistiques

Statistiques générales
  • Ce quiz a été pris 127 141 fois
    127 093 depuis la dernière actualisation
  • Le résultat moyen est 14 sur 20
Statistiques - réponses
Hint Réponse % Correct
Winnie l'Ourson
95%
Les Aristochats
94%
Zootopie
92%
La Princesse et la Grenouille
91%
Alice au pays des merveilles
89%
Blanche-Neige et les sept nains
87%
Les Mondes de Ralph
85%
Volt, star malgré lui
85%
Le Bossu de Notre-Dame
83%
Les Nouveaux Héros
75%
Dinosaure
68%
Atlantide, l'empire perdu
63%
La Belle au bois dormant
56%
Oliver & Compagnie
52%
La Planète au trésor
52%
Basil, détective privé
51%
Bienvenue chez les Robinson
50%
Merlin l'enchanteur
46%
Fantasia
42%
Taram et le Chaudron magique
40%
Aucun quiz correspondant
Distribution des résultats
% des personnes avec chaque résultat
Percentile par nombre de réponses
Votre historique - résultats
Vous n’avez pas pris ce quiz depuis la dernière actualisation